| 000 -LEADER |
| fixed length control field |
01092nam a22002297a 4500 |
| 001 - CONTROL NUMBER |
| control field |
9418 |
| 003 - CONTROL NUMBER IDENTIFIER |
| control field |
BD-DhUAP |
| 005 - DATE AND TIME OF LATEST TRANSACTION |
| control field |
20200129125004.0 |
| 008 - FIXED-LENGTH DATA ELEMENTS--GENERAL INFORMATION |
| fixed length control field |
200129s2002 bg a|||| |||| 000 0 eng d |
| 020 ## - INTERNATIONAL STANDARD BOOK NUMBER |
| International Standard Book Number |
9848120424 |
| 040 ## - CATALOGING SOURCE |
| Original cataloging agency |
BD-DhUAP |
| Language of cataloging |
Bangla |
| Transcribing agency |
BD-DhUAP |
| Modifying agency |
BD-DhUAP |
| 082 ## - DEWEY DECIMAL CLASSIFICATION NUMBER |
| Edition number |
23 |
| Classification number |
338.95492 BAN |
| 245 ## - TITLE STATEMENT |
| Title |
বাংলাদেশ উন্নয়ন বিতর্ক : |
| Remainder of title |
নীতি সংলাপের আলোকে / |
| Statement of responsibility, etc. |
রেহমান সোবহান...[অন্যান্য] কর্তৃক সম্পাদিত। |
| 260 ## - PUBLICATION, DISTRIBUTION, ETC. |
| Place of publication, distribution, etc. |
ঢাকা : |
| Name of publisher, distributor, etc. |
পাঠক সমাবেশ, |
| Date of publication, distribution, etc. |
c২০০২। |
| 300 ## - PHYSICAL DESCRIPTION |
| Extent |
২৭৯ পৃষ্ঠা ; |
| Other physical details |
২২ সেমি। |
| 650 ## - SUBJECT ADDED ENTRY--TOPICAL TERM |
| Topical term or geographic name entry element |
অর্থনীতি ও উন্নয়ন |
| Geographic subdivision |
বাংলাদেশ। |
| 651 ## - SUBJECT ADDED ENTRY--GEOGRAPHIC NAME |
| Geographic subdivision |
বাংলাদেশ |
| Form subdivision |
উন্নয়ন বিতর্ক। |
| 700 ## - ADDED ENTRY--PERSONAL NAME |
| Personal name |
সোবহান, রেহমান। |
| 710 ## - ADDED ENTRY--CORPORATE NAME |
| Corporate name or jurisdiction name as entry element |
সেন্টার ফর পলিসি ডায়লগ। |
| 710 ## - ADDED ENTRY--CORPORATE NAME |
| Corporate name or jurisdiction name as entry element |
পাঠক সমাবেশ। |
| 942 ## - ADDED ENTRY ELEMENTS (KOHA) |
| Source of classification or shelving scheme |
|
| Koha item type |
Book |